Toutes les listes de la France en coupe du monde depuis 1998 - Statistiques

Statistiques générales
  • Ce quiz a été pris 477 fois
  • Le résultat moyen est 121 sur 162
Statistiques - réponses
Réponse Hint % Correct
Gardiens Hugo Lloris Olympique Lyonnais | Tottenham
98%
Lilian Thuram Juventus | Parme
97%
Marcus Thuram Borussia Mönchengladbach
97%
Steve Mandanda Olympique de Marseille | Stade Rennais
96%
Zinedine Zidane Juventus | Réal Madrid
96%
Antoine Griezmann Atlético Madrid | Réal Sociedad
95%
Attaquants Karim Benzema Réal Madrid
95%
Alphonse Aréola PSG | West Ham
94%
Fabien Barthez AS Monaco | Manchester United | Olympique de Marseille
94%
Kylian Mbappé PSG
94%
Olivier Giroud Arsenal | Chelsea | Milan AC
94%
Lucas Hernandez Atlético Madrid | Bayern Munich
93%
Paul Pogba Juventus | Manchester United
93%
Défenseurs Benjamin Pavard Bayern Munich | Stuttgart
92%
Théo Hernandez Milan AC
92%
Ngolo Kanté Chelsea
91%
Thierry Henry AS Monaco | Arsenal | FC Barcelone
91%
Bixente Lizarazu Bayern Munich
90%
Ousmane Dembele FC Barcelone
90%
Raphael Varane Manchester United | Réal Madrid
90%
Presnel Kimpembe PSG
87%
Adil Rami Olympique de Marseille
86%
Adrien Rabiot Juventus
86%
Aurélien Tchouaméni Réal Madrid
86%
Benjamin Mendy Manchester City
86%
Milieux Eduardo Camavinga Réal Madrid
86%
Laurent Blanc Olympique de Marseille
86%
Samuel Umtiti FC Barcelone
86%
Blaise Matuidi Juventus | PSG
85%
Didier Deschamps Juventus
85%
Emmanuel Petit Arsenal | Chelsea
85%
Kingsley Coman Bayern Munich
85%
Florian Thauvin Olympique de Marseille
84%
Ibrahima Konaté Liverpool
84%
Corentin Tolisso Bayern Munich
83%
David Trezeguet AS Monaco | Juventus
83%
Dayot Upamecano Bayern Munich
83%
Matteo Guendouzi Olympique de Marseille
83%
Stéphane Ruffier AS Saint-Etienne
83%
Christopher Nkunku RB Leipzig
82%
Franck Ribery Bayern Munich | Olympique de Marseille
82%
Marcel Desailly Chelsea | Milan AC
82%
Attaquants Nabil Fekir Olympique Lyonnais
82%
Jordan Veretout Olympique de Marseille
81%
Jules Koundé FC Barcelone
81%
Milieux Patrick Vieira Arsenal | Juventus
81%
Steven Nzonzi FC Séville
81%
William Saliba Arsenal
81%
Patrice Evra Manchester United
80%
Gardiens Bernard Lama West Ham
79%
Djibril Sidibé AS Monaco
79%
Grégory Coupet Olympique Lyonnais
78%
Gregory Coupet Olympique Lyonnais
78%
Gardiens Mickael Landreau FC Nantes | SC Bastia
77%
Youssouf Fofana AS Monaco
77%
Axel Disasi AS Monaco
76%
Attaquants Stéphane Guivarch AJ Auxerre
76%
Nicolas Anelka Chelsea
75%
Christophe Dugarry Girondins de Bordeaux | Olympique de Marseille
74%
Youri Djorkaeff Bolton | Inter Milan
74%
Franck Leboeuf Chelsea | Olympique de Marseille
73%
Attaquants André-Pierre Gignac Toulouse
72%
Claude Makelele Chelsea | Réal Madrid
71%
Eric Abidal FC Barcelone | Olympique Lyonnais
70%
Robert Pirès FC Metz
70%
Thomas Lemar AS Monaco
70%
Laurent Koscielny Arsenal
69%
Milieux Yohan Cabaye PSG
69%
Christian Karembeu Real Madrid
68%
Bacary Sagna Arsenal
67%
Attaquants Djibril Cissé AJ Auxerre | Panathinaikos
67%
Yoann Gourcuff Girondins de Bordeaux
67%
Willy Sagnol Bayern Munich
66%
Florent Malouda Chelsea | Olympique Lyonnais
64%
Morgan Schneiderlin Southampton
63%
Mamadou Sakho Liverpool
61%
Cedric Carrasso Girondins de Bordeaux
60%
Mathieu Valbuena Olympique de Marseille
60%
William Gallas Arsenal | Chelsea
59%
Défenseurs Mathieu Debuchy Newcastle
58%
Lionel Charbonnier AJ Auxerre
57%
Sylvain Wiltord Arsenal | Olympique Lyonnais
57%
Rémi Cabella Montpellier
56%
Rio Mavuba Lille
54%
Alou Diarra Girondins de Bordeaux | RC Lens
53%
Lucas Digne PSG
53%
Moussa Sissoko Newcastle
52%
Eliaquim Mangala FC Porto
51%
Gael Clichy Arsenal
51%
Défenseurs Vincent Candela AS Roma | As Rome
51%
Sidney Govou Olympique Lyonnais
50%
Jeremy Toulalan Olympique Lyonnais
48%
Ulrich Ramé Girondins de Bordeaux
47%
Loic Remy Newcastle
46%
Anthony Reveillère Olympique Lyonnais
44%
Louis Saha Manchester United
44%
Alain Boghossian Parme | Sampdoria
43%
Bernard Diomède AJ Auxerre
41%
Mikael Silvestre Manchester United
40%
Milieux Abou Diaby Arsenal
39%
Marc Planus Girondins de Bordeaux
36%
Pascal Chimbonda Wigan
36%
Sébastien Squillaci FC Séville
35%
Défenseurs Jean-Alain Boumsong Newcastle United
34%
Vikash Dhorasoo PSG
31%
Gael Givet AS Monaco
29%
Johan Micoud Parme
28%
Philippe Christanval FC Barcelone
21%
Aucun quiz correspondant
Distribution des résultats
% des personnes avec chaque résultat
Percentile par nombre de réponses
Votre historique - résultats
Vous n’avez pas pris ce quiz